000
00331nam a2200145Ia 4500
003
OSt
005
20240102054834.0
008
170524s9999 xx 000 0 und d
020
_a
8178295644
040
_c
IIMT UNIVERSITY
100
_a
SAXENA- SUNIL
245
0
_a
HEADLING WRITING
260
_b
SAGE PUB. : DELHI
942
_2
ddc
_c
01
999
_c
9119
_d
9119